000 00466cam a2200193ua 4500
001 2808
008 110909n ii |||gr||||Z||||||asm
040 _cMAIN
082 _a891.4512
100 _aSankardeva,
245 1 1 _aKalia daman naat
_cby Sankardeva
250 _a1st.
260 _aGuahati:
_bNew Book stall,973.
300 _a32p:5cm.
653 _aAssamese drama
653 _aKalia daman naat
700 _aSharma, Nabin Chandra,
_eEditor.
942 _cBK
999 _c2657
_d2657